[Event "TUR Cup"]
[Site "Antalya"]
[Date "2019.01.30"]
[Round "6"]
[White "Kalinoglu, Yagiz"]
[Black "Akaoglu, Mert Tayyar"]
[Result "1-0"]
[WhiteElo "1253"]
[BlackElo "1051"]
[PlyCount "107"]
[EventDate "2019.01.27"]
[EventType "swiss"]
[EventRounds "11"]
[EventCountry "TUR"]
[SourceTitle "CBM 188 Extra"]
[Source "ChessBase"]
[SourceDate "2019.02.26"]
[SourceVersion "1"]
[SourceVersionDate "2019.02.26"]
[SourceQuality "1"]

1. e4 e5 2. Nf3 Nc6 3. Bc4 Nf6 4. d4 exd4 5. e5 d5 6. Bb5 Ne4 7. Nxd4 Bd7 8. Bxc6 Bxc6 9. 0-0 Be7 10. Be3 Bd7 11. f3 Nc5 12. Nc3 c6 13. f4 Ne4 14. Nxe4 dxe4 15. c3 c5 16. Nb3 b6 17. Qc2 Bf5 18. Rad1 Qc7 19. Nd2 0-0 20. Qa4 Qb7 21. Rfe1 b5 22. Qc2 Bg4 23. Rc1 Rad8 24. Qxe4 Qxe4 25. Nxe4 Rd5 26. Nf2 Be6 27. Rcd1 Rfd8 28. a3 a6 29. h3 Rxd1 30. Rxd1 Rxd1+ 31. Nxd1 f6 32. exf6 gxf6 33. Nf2 c4 34. Kf1 Kf7 35. Ne4 f5 36. Nd2 Bd5 37. Kf2 Ke6 38. Nf3 Bxf3 39. Kxf3 h5 40. g4 hxg4+ 41. hxg4 Bh4 42. g5 Kd5 43. Bd4 Ke6 44. Bh8 Be1 45. Ke3 Bh4 46. Bd4 Be1 47. Ke2 Bg3 48. Be3 Bh4 49. Bf2 Bxf2 50. Kxf2 Kf7 51. Ke3 Kg6 52. Kd4 Kh5 53. Kc5 Kg4 54. g6 1-0

[Event "TUR Cup"]
[Site "Antalya"]
[Date "2019.01.27"]
[Round "1"]
[White "Kavukcu, Mustafa"]
[Black "Akaoglu, Mert Tayyar"]
[Result "1-0"]
[WhiteElo "1729"]
[BlackElo "1051"]
[PlyCount "51"]
[EventDate "2019.01.27"]
[EventType "swiss"]
[EventRounds "11"]
[EventCountry "TUR"]
[SourceTitle "CBM 188 Extra"]
[Source "ChessBase"]
[SourceDate "2019.02.26"]
[SourceVersion "1"]
[SourceVersionDate "2019.02.26"]
[SourceQuality "1"]

1. e4 e5 2. Nf3 Nc6 3. Bc4 Nf6 4. Nc3 Bc5 5. 0-0 d6 6. d3 h6 7. Be3 Bb6 8. d4 Ng4 9. Nd5 0-0 10. Nxb6 Nxe3 11. fxe3 axb6 12. c3 Na5 13. Bd3 exd4 14. exd4 Bg4 15. d5 b5 16. Bxb5 c6 17. Be2 Qb6+ 18. Nd4 Bxe2 19. Qxe2 c5 20. Nf5 c4+ 21. Kh1 Qc7 22. Qg4 g6 23. Nxh6+ Kh8 24. Qh4 Kg7 25. Qf6+ Kxh6 26. Rf4 1-0